00547nam a2200205 a 450000100060000000300090000600800410001502000150005604000280007108200100009910000190010924500270012826000370015530000100019249000280020265000430023065000390027394200120031299900170032419361CO-ViMGA141112s2004 ck r 000 u spa d a8426113893 aCO-ViMGAbspacCO-ViMGA04aHERt11 aHerge, 92781310aTintin y los "Picaros" aBarcelona : bEd. Juventud; 1999 a62 p. aLas aventuras de Tintin14aCUENTOS INFANTILES DE AVENTURAS92781414aTIRAS COMICAS - HISTORIETAS927815 2ddccBK c28518d28518